Welcome to CU Library Online Public Access Catalogue (OPAC)

Human resource management / (Record no. 5826)

MARC details
000 -LEADER
fixed length control field 00665cam a22002174a 4500
001 - CONTROL NUMBER
control field 13629660
005 - DATE AND TIME OF LATEST TRANSACTION
control field 20250516162902.0
008 - FIXED-LENGTH DATA ELEMENTS--GENERAL INFORMATION
fixed length control field 040618s2005 enka b 001 0 eng
020 ## - INTERNATIONAL STANDARD BOOK NUMBER
International Standard Book Number 0273687131
050 00 - LIBRARY OF CONGRESS CALL NUMBER
Classification number HF5549
Item number .T675 2005
082 00 - DEWEY DECIMAL CLASSIFICATION NUMBER
Classification number 658.3
Edition information 22
100 1# - MAIN ENTRY--PERSONAL NAME
Personal name Torrington, Derek,
Dates associated with a name 1931-
245 10 - TITLE STATEMENT
Title Human resource management /
Statement of responsibility, etc. Derek Torrington, Laura Hall, Stephen Taylor.
250 ## - EDITION STATEMENT
Edition statement 6th ed.
260 ## - PUBLICATION, DISTRIBUTION, ETC.
Place of publication, distribution, etc. Harlow, England ;
-- New York :
Name of publisher, distributor, etc. FT Prentice Hall,
Date of publication, distribution, etc. 2005.
300 ## - PHYSICAL DESCRIPTION
Extent xxi, 810 p. :
Other physical details col. ill. ;
Dimensions 27 cm.
650 #0 - SUBJECT ADDED ENTRY--TOPICAL TERM
Topical term or geographic name entry element Personnel management.
700 1# - ADDED ENTRY--PERSONAL NAME
Personal name Hall, Laura,
Dates associated with a name 1952-
700 1# - ADDED ENTRY--PERSONAL NAME
Personal name Taylor, Stephen,
Dates associated with a name 1965-
942 ## - ADDED ENTRY ELEMENTS (KOHA)
Source of classification or shelving scheme Library of Congress Classification
Koha item type Books
Suppress in OPAC No
999 ## -
-- 5826
-- 5826
Holdings
Withdrawn status Lost status Source of classification or shelving scheme Damaged status Not for loan Collection Home library Current library Shelving location Date acquired Total checkouts Full call number Barcode Date last seen Copy number Price effective from Koha item type
    Library of Congress Classification     Non-fiction Undergraduate Library (Christ Temple) Undergraduate Library (Christ Temple) General stacks 05/16/2025   HF5549.T675 TOR ulct00002453 05/16/2025 1 05/16/2025 Books
© 2023-2024 Copyright: Central University Libraries. All Rights Reserved | Created by: Mahone Tech Office